| 000 | 00547nam a22001577a 4500 | ||
|---|---|---|---|
| 003 | NUST | ||
| 038 | _aNusrat Nadeem | ||
| 082 | _a200 | ||
| 100 |
_aRashid, Salman _9130547 |
||
| 245 |
_aAssessing the Effectiveness of Monetary Policy on the Manufacturing Sector in Pakistan: A Disaggregated Analysis/ _cSalman Rashid, |
||
| 264 |
_aIslamabad: _bS3H NUST. _c2025. |
||
| 690 |
_aMS- Economics _9123068 |
||
| 700 |
_aSupervisor. Dr. Ather Maqsood Ahmed _9124809 |
||
| 856 | _u http://10.250.8.41:8080/xmlui/handle/123456789/54537 | ||
| 942 |
_2ddc _cSC |
||
| 999 |
_c614741 _d614741 |
||